[Event "4NCL"]
[Site "Barcelo Hotel, Hinckley Island"]
[Date "2011.05.01"]
[Round "10.16"]
[White "Wheeler, Darren P"]
[Black "Bisby, Daniel L"]
[Result "1/2-1/2"]
[WhiteElo "2236"]
[BlackElo "2306"]
[PlyCount "27"]
[EventDate "2011.??.??"]
[WhiteTeam "The AD's"]
[BlackTeam "Cambridge University 1"]

1. e4 c5 2. f4 d5 3. Nc3 d4 4. Nce2 Nf6 5. d3 Nc6 6. g3 e5 7. Bg2 Qa5+ 8. Bd2
Qb6 9. b3 exf4 10. Nxf4 Bg4 11. Bf3 Bd7 12. Bg2 Bg4 13. Bf3 Bd7 14. Bg2 1/2-1/2

[Event "4NCL"]
[Site "Barcelo Hotel, Hinckley Island"]
[Date "2011.05.01"]
[Round "10.16"]
[White "Moskovic, David M"]
[Black "Snape, Ian L"]
[Result "1/2-1/2"]
[WhiteElo "2293"]
[BlackElo "2241"]
[PlyCount "64"]
[EventDate "2011.??.??"]
[WhiteTeam "Cambridge University 1"]
[BlackTeam "The AD's"]

1. e4 c5 2. Nc3 g6 3. d4 cxd4 4. Qxd4 Nf6 5. Nf3 Nc6 6. Qa4 d6 7. e5 dxe5 8.
Nxe5 Bd7 9. Nxd7 Qxd7 10. Be3 Bg7 11. Rd1 Qc8 12. Be2 O-O 13. O-O Rd8 14. Qa3
Qc7 15. Nb5 Qe5 16. Rxd8+ Rxd8 17. Nxa7 Nxa7 18. Qxa7 Qxb2 19. Bb6 Rf8 20. Bf3
Qxc2 21. Bxb7 Ne4 22. Be3 Nc3 23. a3 h5 24. Bf3 e6 25. g3 h4 26. Kg2 Qf5 27.
gxh4 Nd5 28. Qa4 Nxe3+ 29. fxe3 Qc5 30. Qf4 Qxa3 31. h5 Qb2+ 32. Rf2 Qe5
1/2-1/2

[Event "4NCL"]
[Site "Barcelo Hotel, Hinckley Island"]
[Date "2011.05.01"]
[Round "10.16"]
[White "Anderton, David W"]
[Black "Graw, Christopher"]
[Result "1/2-1/2"]
[WhiteElo "2208"]
[BlackElo "2257"]
[PlyCount "85"]
[EventDate "2011.??.??"]
[WhiteTeam "The AD's"]
[BlackTeam "Cambridge University 1"]

1. d4 Nf6 2. c4 e6 3. Nc3 Bb4 4. Qc2 c5 5. dxc5 O-O 6. a3 Bxc5 7. Nf3 Qb6 8. e3
Be7 9. Bd3 d6 10. O-O Nbd7 11. b4 Qc7 12. Bb2 b6 13. Rfd1 Bb7 14. Nb5 Qb8 15.
Rac1 Rc8 16. Qb1 a6 17. Nbd4 g6 18. e4 Ng4 19. Nb3 Bc6 20. h3 Ngf6 21. Re1 e5
22. Nbd2 b5 23. Qa2 h6 24. Nb3 bxc4 25. Bxc4 Bb5 26. Na5 Bxc4 27. Rxc4 Rxc4 28.
Qxc4 Qb5 29. Nd2 Nb6 30. Qxb5 axb5 31. Rc1 Kf8 32. f3 Na4 33. Ba1 Bd8 34. Ndb3
Bb6+ 35. Kh2 Ke7 36. g3 Kd7 37. f4 Nxe4 38. fxe5 dxe5 39. Bxe5 Re8 40. Rd1+ Kc8
41. Rc1+ Kd7 42. Rd1+ Kc8 43. Rc1+ 1/2-1/2

[Event "4NCL"]
[Site "Barcelo Hotel, Hinckley Island"]
[Date "2011.05.01"]
[Round "10.16"]
[White "Bellin, Jana"]
[Black "Chevannes, Sabrina L"]
[Result "1/2-1/2"]
[WhiteElo "2137"]
[BlackElo "2062"]
[PlyCount "128"]
[EventDate "2011.??.??"]
[WhiteTeam "The AD's"]
[BlackTeam "Cambridge University 1"]

1. d4 d5 2. Nf3 Nf6 3. e3 c5 4. Bd3 Nc6 5. b3 cxd4 6. exd4 Bg4 7. Bb2 e6 8.
Nbd2 Bd6 9. O-O O-O 10. a3 Rc8 11. Qe1 Bxf3 12. Nxf3 Qb6 13. Qe2 a5 14. Rab1
Qc7 15. g3 Qe7 16. Ra1 Rfd8 17. Rfe1 Bb8 18. Qf1 Ba7 19. Rad1 Nb8 20. c4 a4 21.
c5 axb3 22. Rb1 b6 23. cxb6 Bxb6 24. Bc1 Nc6 25. Rxb3 Nxd4 26. Nxd4 Bxd4 27.
Qh3 Rc3 28. Rxc3 Bxc3 29. Rd1 Ne4 30. Be3 f5 31. a4 Ra8 32. Bb5 Qf6 33. Qf1 Nd6
34. Bc6 Rc8 35. Bd7 Rc7 36. Bb5 Nxb5 37. axb5 Rb7 38. b6 d4 39. Qa6 Rb8 40. Bf4
e5 41. Qc4+ Qf7 42. Qc7 Rxb6 43. Qxb6 exf4 44. Qb8+ Qf8 45. Qxf4 h6 46. Rb1 Qc5
47. Qf3 Qe5 48. Qd3 Qe4 49. Qc4+ Kh7 50. Rb8 Qe1+ 51. Qf1 d3 52. Qxe1 Bxe1 53.
Rd8 d2 54. Rd6 Kg8 55. Kf1 Kf7 56. Ke2 Ke7 57. Rd3 Kf6 58. Kf3 g5 59. h3 Ke5
60. Rd8 h5 61. Ke3 Ke6 62. Ke2 Ke5 63. Ke3 Ke6 64. Ke2 Ke5 1/2-1/2

[Event "4NCL"]
[Site "Barcelo Hotel, Hinckley Island"]
[Date "2011.05.01"]
[Round "10.17"]
[White "Rendle, Thomas E"]
[Black "Pitcher, John"]
[Result "1/2-1/2"]
[WhiteElo "2397"]
[BlackElo "2217"]
[PlyCount "61"]
[EventDate "2011.??.??"]
[WhiteTeam "Sambuca Sharks"]
[BlackTeam "Warwickshire Select 1"]

1. e4 c5 2. Nc3 Nc6 3. Bb5 Nd4 4. Bc4 e6 5. Nge2 Nf6 6. O-O a6 7. d3 b5 8. Bb3
Nxb3 9. axb3 Bb7 10. f4 Be7 11. Ng3 g6 12. e5 Nd5 13. Nxd5 Bxd5 14. Ne4 Bxe4
15. dxe4 Qc7 16. Qf3 Qc6 17. Be3 f5 18. exf6 Bxf6 19. c3 O-O 20. Rad1 d6 21.
Qg4 d5 22. f5 exf5 23. Rxf5 d4 24. cxd4 cxd4 25. Bh6 Bg7 26. Bxg7 Kxg7 27. Rd5
Rad8 28. Qg5 Rxd5 29. exd5 Qf6 30. Qd2 Re8 31. h3 1/2-1/2

[Event "4NCL"]
[Site "Barcelo Hotel, Hinckley Island"]
[Date "2011.05.01"]
[Round "10.17"]
[White "Shephard, Chris CW"]
[Black "Roberson, Peter T"]
[Result "0-1"]
[WhiteElo "2222"]
[BlackElo "2274"]
[PlyCount "64"]
[EventDate "2011.??.??"]
[WhiteTeam "Warwickshire Select 1"]
[BlackTeam "Sambuca Sharks"]

1. c4 b6 2. Nc3 e6 3. e4 Bb7 4. Nge2 Nf6 5. d3 d5 6. Qc2 dxc4 7. dxc4 Bc5 8. f3
Nc6 9. a3 Nh5 10. Na4 Bd6 11. Be3 Qh4+ 12. Bf2 Qg5 13. Qd2 Qxd2+ 14. Kxd2 O-O-O
15. Kc2 Be5 16. Nac3 Nf4 17. Be3 Nxe2 18. Bxe2 Nd4+ 19. Bxd4 Bxd4 20. Rad1 Be5
21. g3 h5 22. Rxd8+ Kxd8 23. Rd1+ Ke7 24. Bf1 h4 25. Ne2 g5 26. Kc1 hxg3 27.
hxg3 Rh2 28. f4 gxf4 29. gxf4 Bd6 30. e5 Bc5 31. b4 Be3+ 32. Kb1 Bf3 0-1

[Event "4NCL"]
[Site "Barcelo Hotel, Hinckley Island"]
[Date "2011.05.01"]
[Round "10.17"]
[White "Murphy, Hugh W"]
[Black "Mason, Donald J"]
[Result "1/2-1/2"]
[WhiteElo "2191"]
[BlackElo "2255"]
[PlyCount "49"]
[EventDate "2011.??.??"]
[WhiteTeam "Sambuca Sharks"]
[BlackTeam "Warwickshire Select 1"]

1. e4 e5 2. Nf3 Nc6 3. Bb5 a6 4. Ba4 Nf6 5. O-O Be7 6. Bxc6 dxc6 7. Nc3 Bg4 8.
h3 Bxf3 9. Qxf3 O-O 10. d3 Qd6 11. Nd1 Qe6 12. Ne3 Ne8 13. Nf5 Nd6 14. Nxe7+
Qxe7 15. Qg4 c5 16. f4 c4 17. Bd2 cxd3 18. cxd3 Nb5 19. Kh1 Rad8 20. Rf3 exf4
21. Bxf4 Nd4 22. Rg3 Ne6 23. Be5 f6 24. Bc3 c5 25. Rf1 1/2-1/2

[Event "4NCL"]
[Site "Barcelo Hotel, Hinckley Island"]
[Date "2011.05.01"]
[Round "10.17"]
[White "Holt, Philip J"]
[Black "Kafka, Graeme"]
[Result "1/2-1/2"]
[WhiteElo "2269"]
[BlackElo "2075"]
[PlyCount "43"]
[EventDate "2011.??.??"]
[WhiteTeam "Warwickshire Select 1"]
[BlackTeam "Sambuca Sharks"]

1. e4 c5 2. c3 d5 3. exd5 Qxd5 4. d4 Nf6 5. Nf3 e6 6. Na3 Be7 7. Nb5 Na6 8. Be2
cxd4 9. Qxd4 O-O 10. Bg5 Qxd4 11. Nfxd4 e5 12. Nb3 Bd7 13. O-O Nc5 14. Bxf6
gxf6 15. Nc7 Rac8 16. Nd5 Bd8 17. Rad1 Be6 18. f4 Nxb3 19. axb3 Bxd5 20. Rxd5
Bb6+ 21. Kh1 Rfd8 22. Bc4 1/2-1/2

[Event "4NCL"]
[Site "Barcelo Hotel, Hinckley Island"]
[Date "2011.05.01"]
[Round "10.17"]
[White "Savory, Richard J"]
[Black "Webster, Paul"]
[Result "1-0"]
[WhiteElo "2127"]
[BlackElo "2034"]
[PlyCount "69"]
[EventDate "2011.??.??"]
[WhiteTeam "Sambuca Sharks"]
[BlackTeam "Warwickshire Select 1"]

1. e4 d5 2. exd5 Qxd5 3. Nc3 Qa5 4. Bc4 Nf6 5. Nge2 Bg4 6. h3 Bh5 7. O-O e6 8.
Qe1 Bd6 9. d4 Bxe2 10. Qxe2 O-O 11. Nb5 a6 12. Nxd6 cxd6 13. Bf4 d5 14. Bd3 Nc6
15. c3 Qd8 16. b4 Ne7 17. Rfb1 Nf5 18. b5 a5 19. b6 Nd6 20. Qc2 Nc4 21. Qb3 Nd6
22. Qa3 Nfe8 23. Bb5 Nxb5 24. Rxb5 a4 25. Rab1 Ra6 26. Qb4 Qd7 27. Rc5 Qe7 28.
Rc8 Qd7 29. Rb8 a3 30. Qc5 Ra4 31. Qb5 Qxb5 32. Rxb5 g5 33. Bh2 Rc4 34. Rc5 f5
35. Be5 1-0

[Event "4NCL"]
[Site "Barcelo Hotel, Hinckley Island"]
[Date "2011.05.01"]
[Round "10.17"]
[White "Clarke, Brandon GI"]
[Black "Ruston, Mark R"]
[Result "1-0"]
[WhiteElo "2110"]
[BlackElo "2110"]
[PlyCount "45"]
[EventDate "2011.??.??"]
[WhiteTeam "Warwickshire Select 1"]
[BlackTeam "Sambuca Sharks"]

1. e4 e6 2. d4 d5 3. e5 c5 4. c3 Nc6 5. Nf3 Qb6 6. Bd3 cxd4 7. cxd4 Bd7 8. O-O
Nxd4 9. Nbd2 Nxf3+ 10. Nxf3 Bb5 11. Be3 Qa6 12. Bxb5+ Qxb5 13. Nd4 Qd7 14. Nb3
b6 15. a4 Rc8 16. a5 Bc5 17. Qg4 f5 18. Qg3 Kf7 19. axb6 axb6 20. Rfc1 Bxe3 21.
Rxc8 Qxc8 22. Ra7+ Ne7 23. Rxe7+ 1-0

[Event "4NCL"]
[Site "Barcelo Hotel, Hinckley Island"]
[Date "2011.05.01"]
[Round "10.17"]
[White "Makepeace, Philip J"]
[Black "Fishburne, Stewart K"]
[Result "1-0"]
[WhiteElo "2095"]
[BlackElo "2093"]
[PlyCount "75"]
[EventDate "2011.??.??"]
[WhiteTeam "Sambuca Sharks"]
[BlackTeam "Warwickshire Select 1"]

1. d4 g6 2. e4 Bg7 3. c4 d6 4. Nc3 Nd7 5. Be3 e5 6. dxe5 dxe5 7. Qd2 Ne7 8.
O-O-O Nc6 9. Bg5 f6 10. Bh6 O-O 11. Bxg7 Kxg7 12. Nf3 Re8 13. Qe3 Ne7 14. g4 c6
15. g5 Ng8 16. h4 Qb6 17. Rxd7+ Bxd7 18. c5 Qd8 19. h5 Bg4 20. hxg6 hxg6 21.
gxf6+ Qxf6 22. Ng5 Qf4 23. Rh7+ Kf6 24. Rf7+ Kxg5 25. Rxf4 exf4 26. Qd4 Rad8
27. Qb4 Rd7 28. Be2 f3 29. Bd1 Nf6 30. Bc2 Re5 31. Qa3 a6 32. Nb1 Kh6 33. Nd2
Rde7 34. Nxf3 Bxf3 35. Qxf3 Nxe4 36. Qf8+ Kh7 37. f4 R5e6 38. Bb3 1-0

[Event "4NCL"]
[Site "Barcelo Hotel, Hinckley Island"]
[Date "2011.05.01"]
[Round "10.18"]
[White "Rogers, Jonathan W"]
[Black "Slaby, Jerzy"]
[Result "1/2-1/2"]
[WhiteElo "2338"]
[BlackElo "2481"]
[PlyCount "66"]
[EventDate "2011.??.??"]
[WhiteTeam "Barbican 4NCL 2"]
[BlackTeam "Pandora's Box Grantham"]

1. d4 g6 2. c4 Bg7 3. Nc3 d6 4. e4 Nd7 5. f4 e5 6. fxe5 dxe5 7. d5 Ngf6 8. Nf3
O-O 9. Bd3 c6 10. O-O Nh5 11. Kh1 h6 12. Bc2 cxd5 13. Nxd5 Nb8 14. Be3 Nc6 15.
Qd2 Kh7 16. Rac1 Bg4 17. Ne1 Nf4 18. Bd1 f5 19. exf5 Bxf5 20. Bc2 Nxd5 21. cxd5
Nd4 22. Bxd4 exd4 23. Bxf5 Rxf5 24. Rxf5 gxf5 25. Nd3 Qxd5 26. Nf4 Qd6 27. Re1
Rc8 28. h3 Rc7 29. Re6 Qc5 30. Nd3 Qd5 31. Nf4 Qc5 32. Nd3 Qd5 33. Nf4 Qc5
1/2-1/2

[Event "4NCL"]
[Site "Barcelo Hotel, Hinckley Island"]
[Date "2011.05.01"]
[Round "10.18"]
[White "Cumbers, Paul"]
[Black "Berry, Neil"]
[Result "1/2-1/2"]
[WhiteElo "2214"]
[BlackElo "2331"]
[PlyCount "81"]
[EventDate "2011.??.??"]
[WhiteTeam "Pandora's Box Grantham"]
[BlackTeam "Barbican 4NCL 2"]

1. d4 d5 2. c4 e6 3. Nc3 Be7 4. cxd5 exd5 5. Bf4 Nf6 6. e3 Bf5 7. h3 O-O 8. g4
Be6 9. Bg2 c6 10. Nge2 Nbd7 11. O-O Nb6 12. Bg3 Re8 13. Nf4 Bd6 14. Bh4 h6 15.
Nfe2 Be7 16. Qd3 Ne4 17. Bxe7 Rxe7 18. Nxe4 dxe4 19. Qxe4 Bc4 20. Qc2 Bxe2 21.
Qxe2 Qxd4 22. Rfd1 Qf6 23. Rd2 Rd7 24. Rad1 Rad8 25. Rxd7 Rxd7 26. Rxd7 Nxd7
27. Qd2 Ne5 28. Qd4 Nf3+ 29. Bxf3 Qxf3 30. Qxa7 Qxh3 31. Qb8+ Kh7 32. Qf4 Kg8
33. a4 h5 34. gxh5 Qxh5 35. Kg2 Qg6+ 36. Kf3 Qh5+ 37. Kg3 Qg6+ 38. Qg4 Qd6+ 39.
Kg2 Qd5+ 40. Kg1 Qb3 41. Qc8+ 1/2-1/2

[Event "4NCL"]
[Site "Barcelo Hotel, Hinckley Island"]
[Date "2011.05.01"]
[Round "10.18"]
[White "Dorrington, Chris J"]
[Black "Birtwistle, Nigel"]
[Result "1-0"]
[WhiteElo "2263"]
[BlackElo "2229"]
[PlyCount "73"]
[EventDate "2011.??.??"]
[WhiteTeam "Barbican 4NCL 2"]
[BlackTeam "Pandora's Box Grantham"]

1. e4 c5 2. Nf3 g6 3. d4 Bg7 4. d5 d6 5. Nc3 a6 6. a4 e5 7. Be2 Ne7 8. Nd2 O-O
9. Nc4 b6 10. O-O f5 11. f4 Bb7 12. fxe5 dxe5 13. Bg5 h6 14. Bxe7 Qxe7 15. Nxb6
Ra7 16. Qd3 Qd8 17. a5 Nd7 18. Nc4 Nf6 19. Bf3 Nh7 20. Rae1 Ng5 21. Qe3 Ba8 22.
b3 Rc7 23. Rd1 fxe4 24. Bxe4 Rcf7 25. Rxf7 Rxf7 26. d6 Nxe4 27. Nxe4 Rf4 28.
Nxc5 Qg5 29. g3 Qg4 30. Rd2 Rf3 31. d7 Rxe3 32. d8=Q+ Kh7 33. Qxa8 Rxg3+ 34.
hxg3 Qxg3+ 35. Qg2 Qe1+ 36. Qf1 Qg3+ 37. Rg2 1-0

[Event "4NCL"]
[Site "Barcelo Hotel, Hinckley Island"]
[Date "2011.05.01"]
[Round "10.18"]
[White "Burrows, Martin P"]
[Black "Bigg, Andrew J"]
[Result "1/2-1/2"]
[WhiteElo "2168"]
[BlackElo "2313"]
[PlyCount "63"]
[EventDate "2011.??.??"]
[WhiteTeam "Pandora's Box Grantham"]
[BlackTeam "Barbican 4NCL 2"]

1. e4 e6 2. d4 d5 3. Nc3 Bb4 4. e5 Ne7 5. a3 Bxc3+ 6. bxc3 c5 7. h4 Nbc6 8. h5
h6 9. Nf3 Bd7 10. Rh4 Qa5 11. Bd2 c4 12. Rf4 Rf8 13. Nh4 Nd8 14. g3 Ba4 15. Bh3
Rg8 16. Ng2 Rc8 17. Ne3 Rc6 18. Rh4 Rb6 19. Qc1 Qb5 20. f4 Qd7 21. Ke2 Ndc6 22.
Rb1 Rxb1 23. Qxb1 Kd8 24. Bg2 Kc8 25. Rh1 Kb8 26. Bh3 Nf5 27. Bxf5 exf5 28. Qf1
Rc8 29. Qh3 Ne7 30. Rb1 a5 31. Qf1 Rc6 32. Kf2 1/2-1/2

[Event "4NCL"]
[Site "Barcelo Hotel, Hinckley Island"]
[Date "2011.05.01"]
[Round "10.18"]
[White "Griffiths, Ryan Rhys"]
[Black "Mangione, Claudio"]
[Result "1-0"]
[WhiteElo "2259"]
[BlackElo "2110"]
[PlyCount "137"]
[EventDate "2011.??.??"]
[WhiteTeam "Barbican 4NCL 2"]
[BlackTeam "Pandora's Box Grantham"]

1. e4 g6 2. c4 Bg7 3. g3 c5 4. Bg2 Nc6 5. Nc3 a6 6. a4 Nf6 7. Nge2 d6 8. O-O
Nd7 9. d3 Nf8 10. f4 f5 11. Be3 Ne6 12. exf5 gxf5 13. Bxc6+ bxc6 14. d4 O-O 15.
dxc5 Rb8 16. cxd6 Rxb2 17. d7 Bxd7 18. Rb1 Rxb1 19. Qxb1 Qc7 20. Rd1 Rb8 21.
Qxf5 Nd4 22. Qc5 Nxe2+ 23. Nxe2 Bg4 24. Rd2 e5 25. Nc3 Re8 26. Nd5 Qb7 27. Qb6
Qxb6 28. Nxb6 exf4 29. Bxf4 Re2 30. Rxe2 Bxe2 31. Kf2 Bg4 32. c5 Kf7 33. Ke3
Ke6 34. Kd3 Bf3 35. Be3 Bd1 36. Kc4 Be2+ 37. Kb4 h5 38. Nc8 Bf8 39. Ka5 Kd7 40.
Nb6+ Ke6 41. Na8 Be7 42. Kb6 Bd1 43. a5 Bd8+ 44. Kxa6 Be2+ 45. Kb7 Bxa5 46.
Kxc6 Bf3+ 47. Kb5 Bxa8 48. Kxa5 Bf3 49. Kb6 Kd7 50. Kb5 Bg2 51. Bg5 Bf3 52. Kb6
Bg2 53. Bf4 Bf3 54. Be3 Bg2 55. Bf2 Bf3 56. h3 Kc8 57. c6 Be2 58. Be3 Bf3 59.
Kc5 Bd1 60. Kd6 Be2 61. c7 Bf3 62. Bf4 Be2 63. Ke7 Bf3 64. Kf6 Kd7 65. Kg5 Be2
66. g4 hxg4 67. hxg4 Ba6 68. Kf6 Ke8 69. g5 1-0

[Event "4NCL"]
[Site "Barcelo Hotel, Hinckley Island"]
[Date "2011.05.01"]
[Round "10.18"]
[White "Hodgson, John H"]
[Black "Wells, Daniel J"]
[Result "1-0"]
[WhiteElo "2200"]
[BlackElo "1997"]
[PlyCount "79"]
[EventDate "2011.??.??"]
[WhiteTeam "Barbican 4NCL 2"]
[BlackTeam "Pandora's Box Grantham"]

1. e4 c5 2. Nf3 Nc6 3. d4 cxd4 4. Nxd4 Nf6 5. Nc3 e5 6. Ndb5 d6 7. Bg5 a6 8.
Na3 b5 9. Nd5 Be7 10. Bxf6 Bxf6 11. c4 b4 12. Nc2 a5 13. g3 Bg5 14. h4 Bh6 15.
Bh3 Bb7 16. Qd3 Ne7 17. Nde3 O-O 18. O-O g6 19. Rad1 Qb6 20. Qxd6 Qxd6 21. Rxd6
Bxe4 22. Bg2 Bxg2 23. Kxg2 Rac8 24. b3 Bg7 25. Rfd1 Nc6 26. Nd5 Kh8 27. Nb6 Rc7
28. Nd5 Rcc8 29. Nb6 Rc7 30. R1d5 Re8 31. Rc5 Re6 32. Rxe6 fxe6 33. Nd5 Bf8 34.
Nxc7 Bxc5 35. Nxe6 Bd4 36. Ncxd4 exd4 37. Kf1 Kg8 38. Ke2 Kf7 39. Ng5+ Kg7 40.
Kd3 1-0

[Event "4NCL"]
[Site "Barcelo Hotel, Hinckley Island"]
[Date "2011.05.02"]
[Round "11.11"]
[White "McShane, Luke J"]
[Black "Adams, Michael"]
[Result "1/2-1/2"]
[WhiteElo "2683"]
[BlackElo "2716"]
[PlyCount "109"]
[EventDate "2011.??.??"]
[WhiteTeam "Wood Green Hilsmark 1"]
[BlackTeam "Pride & Prejudice"]

1. e4 e5 2. Nf3 Nc6 3. Bb5 a6 4. Ba4 Nf6 5. O-O Be7 6. Bxc6 dxc6 7. d3 Nd7 8.
b3 O-O 9. Bb2 Bf6 10. Nc3 Re8 11. Ne2 c5 12. Nd2 b6 13. Kh1 Nf8 14. f4 exf4 15.
Bxf6 Qxf6 16. Nxf4 Ng6 17. Nd5 Qd8 18. Nc4 Be6 19. Nce3 c6 20. Nc3 Ra7 21. a4
Rd7 22. Qh5 Qe7 23. Ne2 h6 24. Ng3 Qg5 25. Qe2 b5 26. axb5 axb5 27. Nef5 Nh4
28. Qf2 c4 29. Nxh4 Qxh4 30. bxc4 bxc4 31. d4 Qg5 32. c3 Rb7 33. Ra6 Qb5 34.
Ra2 Qg5 35. Ra6 Qb5 36. Rfa1 Rb6 37. R6a2 Reb8 38. h4 R6b7 39. Qf4 Qb6 40. Nh5
Qc7 41. e5 Qc8 42. Rf1 Bg4 43. Ng3 Be6 44. Nh5 Bg4 45. Ng3 Be6 46. Ne4 Rb1 47.
Raf2 Bd5 48. Rxb1 Rxb1+ 49. Kh2 Bxe4 50. Qxe4 Rb3 51. Qf3 Qc7 52. Re2 Qe7 53.
g3 Qd7 54. Ra2 Qb7 55. Rf2 1/2-1/2

[Event "4NCL"]
[Site "Barcelo Hotel, Hinckley Island"]
[Date "2011.05.02"]
[Round "11.11"]
[White "Howell, David W L"]
[Black "Hammer, Jon Ludvig"]
[Result "1-0"]
[WhiteElo "2612"]
[BlackElo "2606"]
[PlyCount "79"]
[EventDate "2011.??.??"]
[WhiteTeam "Pride & Prejudice"]
[BlackTeam "Wood Green Hilsmark 1"]

1. e4 c6 2. d4 d5 3. e5 Bf5 4. Be3 Qb6 5. Qc1 e6 6. c4 dxc4 7. Nd2 Qa5 8. Bxc4
Ne7 9. Ne2 Nd5 10. Ng3 Bg6 11. O-O Nd7 12. Nde4 h5 13. h4 Qd8 14. Bg5 f6 15.
exf6 gxf6 16. Re1 Be7 17. Bd2 Kf7 18. Qd1 Qb6 19. Bc3 Kg7 20. Qf3 Raf8 21. Nd2
Bf7 22. Bxd5 cxd5 23. Nf5+ exf5 24. Qg3+ Bg6 25. Rxe7+ Rf7 26. Rae1 Nb8 27. Nb3
Qd8 28. R7e6 b6 29. Bb4 Qc8 30. Nc1 Nc6 31. Nd3 Nxb4 32. Nxb4 f4 33. Qxf4 Be4
34. Rc6 Qg4 35. Qh2 Rd8 36. Rc3 Kh7 37. Nc6 Rg8 38. Rg3 Qe6 39. Rxg8 Kxg8 40.
Nd8 1-0

[Event "4NCL"]
[Site "Barcelo Hotel, Hinckley Island"]
[Date "2011.05.02"]
[Round "11.11"]
[White "Berg, Emanuel"]
[Black "Tiviakov, Sergei"]
[Result "1/2-1/2"]
[WhiteElo "2612"]
[BlackElo "2624"]
[PlyCount "30"]
[EventDate "2011.??.??"]
[WhiteTeam "Wood Green Hilsmark 1"]
[BlackTeam "Pride & Prejudice"]

1. e4 d5 2. exd5 Qxd5 3. Nc3 Qd6 4. d4 Nf6 5. Bc4 c6 6. Nge2 Bg4 7. f3 Bf5 8.
Bf4 Qb4 9. Bb3 e6 10. O-O Nbd7 11. Bc7 Rc8 12. a3 Qe7 13. Bf4 Qd8 14. Ng3 Bg6
15. Re1 Be7 1/2-1/2

[Event "4NCL"]
[Site "Barcelo Hotel, Hinckley Island"]
[Date "2011.05.02"]
[Round "11.11"]
[White "Jones, Gawain CB"]
[Black "Petrov, Marijan"]
[Result "1-0"]
[WhiteElo "2578"]
[BlackElo "2534"]
[PlyCount "87"]
[EventDate "2011.??.??"]
[WhiteTeam "Pride & Prejudice"]
[BlackTeam "Wood Green Hilsmark 1"]

1. e4 c5 2. Nf3 Nc6 3. Bb5 g6 4. Bxc6 dxc6 5. d3 Bg7 6. h3 b6 7. Nc3 Nh6 8. a3
O-O 9. Be3 f6 10. O-O Nf7 11. Nd2 f5 12. exf5 gxf5 13. Qh5 Qd6 14. f4 Qg6 15.
Qh4 Bf6 16. Qf2 Kh8 17. Nf3 Rg8 18. Rae1 Qh5 19. Kh1 Bb7 20. d4 cxd4 21. Bxd4
c5 22. Bxf6+ exf6 23. Re7 Nd8 24. Qe2 Rb8 25. Rf2 Nc6 26. Ng5 Rxg5 27. fxg5
Qxe2 28. Rexe2 fxg5 29. Rd2 Nd4 30. Ne2 Be4 31. Nxd4 cxd4 32. Rxd4 Rc8 33. Rfd2
Kg7 34. Rd7+ Kf6 35. c3 Ke5 36. Kg1 h5 37. Rxa7 Kf4 38. Rg7 h4 39. Rf2+ Ke3 40.
Rxg5 Rd8 41. Rgxf5 Bxf5 42. Rxf5 Rd1+ 43. Kh2 Rd2 44. Rb5 1-0

[Event "4NCL"]
[Site "Barcelo Hotel, Hinckley Island"]
[Date "2011.05.02"]
[Round "11.11"]
[White "Pert, Nicholas"]
[Black "Flear, Glenn C"]
[Result "0-1"]
[WhiteElo "2570"]
[BlackElo "2498"]
[PlyCount "82"]
[EventDate "2011.??.??"]
[WhiteTeam "Wood Green Hilsmark 1"]
[BlackTeam "Pride & Prejudice"]

1. d4 d5 2. c4 c6 3. Nf3 Nf6 4. Nc3 a6 5. g3 dxc4 6. Bg2 b5 7. O-O e6 8. e4 Be7
9. e5 Nd5 10. Nd2 Nd7 11. Nde4 h6 12. Qg4 Kf8 13. Be3 Qc7 14. Rad1 Bb7 15. Nxd5
cxd5 16. Nc3 b4 17. Ne2 a5 18. f4 g6 19. Qf3 h5 20. f5 exf5 21. h3 Nb6 22. g4
hxg4 23. hxg4 Bc8 24. Nf4 Be6 25. gxf5 gxf5 26. Nh5 Ke8 27. Ng7+ Kd7 28. Nxf5
Rag8 29. Nxe7 Kxe7 30. Rd2 Kd7 31. Rdf2 Qd8 32. Qf6 Rg6 33. Qxd8+ Kxd8 34. Rxf7
Bxf7 35. Rxf7 c3 36. bxc3 bxc3 37. Kf1 Nc4 38. Bf4 Rh4 39. Bc1 Nd2+ 40. Bxd2
cxd2 41. Bf3 Rh1+ 0-1

[Event "4NCL"]
[Site "Barcelo Hotel, Hinckley Island"]
[Date "2011.05.02"]
[Round "11.11"]
[White "Hebden, Mark L"]
[Black "Cramling, Pia"]
[Result "1/2-1/2"]
[WhiteElo "2546"]
[BlackElo "2484"]
[PlyCount "95"]
[EventDate "2011.??.??"]
[WhiteTeam "Pride & Prejudice"]
[BlackTeam "Wood Green Hilsmark 1"]

1. d4 Nf6 2. Nf3 d5 3. c4 c6 4. e3 Bg4 5. h3 Bh5 6. cxd5 Bxf3 7. Qxf3 cxd5 8.
Nc3 Nc6 9. Bd3 e6 10. O-O Bd6 11. Bd2 O-O 12. Rfd1 Qe7 13. Rac1 Rac8 14. a3
Rfd8 15. Bb1 a6 16. Be1 Bb8 17. g4 Ba7 18. Kh1 Ne8 19. Na2 Nd6 20. Nb4 Nxb4 21.
Bxb4 Qd7 22. b3 Bb8 23. Kg2 Rc6 24. Rc5 Ba7 25. Rxc6 Qxc6 26. Qe2 Rc8 27. Rd2
Qd7 28. Rc2 Bb8 29. Rxc8+ Nxc8 30. Qc2 g6 31. a4 Bd6 32. Bxd6 Nxd6 33. Qc5 Nc8
34. a5 f6 35. Bd3 Kf7 36. b4 Nd6 37. f3 Nb5 38. Kf2 Nc7 39. Bc2 Ne8 40. Bd3 Qd6
41. f4 Ke7 42. Bc2 Nc7 43. Ba4 e5 44. f5 gxf5 45. gxf5 exd4 46. exd4 Nb5 47.
Bb3 Nxd4 48. Bxd5 1/2-1/2

[Event "4NCL"]
[Site "Barcelo Hotel, Hinckley Island"]
[Date "2011.05.02"]
[Round "11.11"]
[White "Arakhamia-Grant, Ketevan E"]
[Black "Emms, John M"]
[Result "0-1"]
[WhiteElo "2458"]
[BlackElo "2475"]
[PlyCount "86"]
[EventDate "2011.??.??"]
[WhiteTeam "Wood Green Hilsmark 1"]
[BlackTeam "Pride & Prejudice"]

1. e4 e5 2. Nf3 Nc6 3. Bb5 a6 4. Ba4 Nf6 5. d3 b5 6. Bb3 Bc5 7. O-O d6 8. c3 h6
9. h3 O-O 10. Nbd2 Bb6 11. Re1 Ne7 12. Nf1 Ng6 13. Ng3 Re8 14. Be3 Bxe3 15.
fxe3 Be6 16. Bc2 c5 17. Qd2 Qb6 18. Kh2 Rad8 19. Qf2 d5 20. exd5 Bxd5 21. e4
Be6 22. Nf5 Qc7 23. g3 b4 24. Nd2 bxc3 25. bxc3 Nd7 26. Rf1 Rb8 27. Bb3 Nb6 28.
Qe2 c4 29. Nxc4 Nxc4 30. Bxc4 Bxc4 31. dxc4 Qc6 32. Rad1 Ne7 33. Rd6 Qc5 34.
Rxa6 Nxf5 35. exf5 e4 36. f6 g6 37. Rd1 Rbd8 38. Rxd8 Rxd8 39. h4 e3 40. Qg4
Qe5 41. h5 g5 42. Qf3 e2 43. Ra8 Re8 0-1

[Event "4NCL"]
[Site "Barcelo Hotel, Hinckley Island"]
[Date "2011.05.02"]
[Round "11.11"]
[White "Milliet, Sophie"]
[Black "McDonald, Neil"]
[Result "1/2-1/2"]
[WhiteElo "2369"]
[BlackElo "2460"]
[PlyCount "123"]
[EventDate "2011.??.??"]
[WhiteTeam "Pride & Prejudice"]
[BlackTeam "Wood Green Hilsmark 1"]

1. e4 e6 2. d4 d5 3. e5 c5 4. c3 Nc6 5. Nf3 Bd7 6. Bd3 cxd4 7. cxd4 Qb6 8. O-O
Nxd4 9. Nbd2 Nc6 10. Nb3 Nh6 11. Be3 Qc7 12. Rc1 Ng4 13. Bf4 Be7 14. h3 Nh6 15.
Qd2 Qb6 16. Be3 Qb4 17. Qe2 Nf5 18. Bxf5 exf5 19. Nc5 d4 20. a3 Qa5 21. Nxd4
Nxd4 22. Bxd4 Bb5 23. Qf3 O-O 24. Nxb7 Qa6 25. Rfe1 Rac8 26. Rxc8 Rxc8 27. Nd6
Bxd6 28. exd6 Qxd6 29. Qxf5 Bd7 30. Qe5 Qxe5 31. Rxe5 a6 32. Rg5 g6 33. Bf6 Bf5
34. Rg3 Rc6 35. Bc3 h5 36. Rf3 Re6 37. Kh2 Kf8 38. Bd4 Ke8 39. Rb3 Rd6 40. Be5
Rc6 41. Rb7 Rc2 42. Kg3 Re2 43. Bf6 Re6 44. Bg5 f6 45. Be3 Be4 46. Rc7 h4+ 47.
Kxh4 Bxg2 48. Kg3 Rc6 49. Rxc6 Bxc6 50. Bd4 Kf7 51. h4 a5 52. b3 Bd5 53. Bc3
Bxb3 54. Bxa5 Ke6 55. Kf4 Bd1 56. Bc3 f5 57. Kg5 Bh5 58. a4 Kd7 59. a5 Kc6 60.
Bd4 Kb5 61. Bb6 Ka6 62. Bd8 1/2-1/2